000 00597nam a2200229Ia 4500
003 OSt
005 20221007064554.0
006 a|||||r|||| 00| 0
007 ta
008 221006b |||||||| |||| 00| 0 eng d
024 _a16,877
037 _cTextual
040 _aFLL
_cFLL
_beng
041 _2eng
_aeng
082 _aV2:2:9ZqN49:9, J2
100 _aGandhi L.M. Au.
_9685975
245 0 _aConstitution of india
260 _aDelhi
_bIndia
_c1952
300 _a296p
_ccm.
942 _hV2:2:9ZqN49:9, J2
_cTEXL
_2CC
999 _c1134491
_d1134491